书目信息 |
| 题名: |
电工(初级、中级、高级)
|
|
| 作者: | 李成良 主编 | |
| 分册: | ||
| 出版信息: | 北京 劳动人事出版社 1996.10 |
|
| 页数: | 262页 | |
| 开本: | 16开 | |
| 丛书名: | ||
| 单 册: | ||
| 中图分类: | ||
| 科图分类: | ||
| 主题词: | 电工--理论 | |
| 电子资源: | ||
| ISBN: | 7-5045-1906-5 | |
| 000 | 00601nam0 2200217 45 | |
| 001 | 9911291516 | |
| 005 | 19991129151850.9 | |
| 010 | @a7-5045-1906-5@d22.10元 | |
| 100 | @a19991129d1996 km y0chiy0120 ea | |
| 101 | @achi | |
| 105 | @a z 000yy | |
| 200 | 1 | @a电工(初级、中级、高级)@ADian Gong(Chu Ji、Zhong Ji、Gao Ji)@f李成良主编@FLi Cheng Liang Zhu Bian |
| 205 | @a1 | |
| 210 | @a北京@c劳动人事出版社@d1996.10 | |
| 215 | @a262页@d16开 | |
| 606 | 0 | @a电工@x理论 |
| 690 | @v3 | |
| 690 | @aTM1 | |
| 701 | @a李成良@4主编 | |
| 801 | @aCN@bPFTUser@c19991129 | |
| 905 | @f3@b44908-910@dTM1@eL445 | |
| 电工(初级、中级、高级)/李成良主编.-1.-北京:劳动人事出版社,1996.10 |
| 262页;16开 |
| ISBN 7-5045-1906-5:22.10元 |
| ● |
| 相关链接 |
|
|
|
正题名:电工(初级、中级、高级)
索取号:TM1/L445
 
预约/预借
| 序号 | 登录号 | 条形码 | 馆藏地/架位号 | 状态 | 备注 |
| 1 | 44908 | 200449087 | 自科库301/301自科库 4排2列5层/ [索取号:TM1/L445] | 在馆 | |
| 2 | 44909 | 200449096 | 自科库301/301自科库 4排2列5层/ [索取号:TM1/L445] | 在馆 | |
| 3 | 44910 | 200449103 | 自科二线404/404自科库 16排1列5层/ [索取号:TM1/L445] | 在馆 |